| 000 | 00351 a2200157 4500 | ||
|---|---|---|---|
| 001 | 72715 | ||
| 020 | _a | ||
| 040 | _cAnchieta - Colégio São Paulo | ||
| 100 | _aMaia, Ana Isabelle Aguiar | ||
| 240 | 1 | 0 |
_aPensando bem... _lpor |
| 245 | 1 | 0 | _aPensando bem... |
| 300 | _a24 | ||
| 362 | 0 | _a2003 | |
| 650 | 4 | _aLiteratura infanto-juvenil | |
| 942 | _cBK | ||
| 999 |
_c72715 _d72715 |
||